Intelligent Energy Systems As a Modern Basis For Improving Energy Efficiency; Journal of Physics: Conference Series; Vol. 803 : Information Technologies in Business and Industry (ITBI2016)

Bibliographic Details
Parent link:Journal of Physics: Conference Series
Vol. 803 : Information Technologies in Business and Industry (ITBI2016).— 2017.— [012174, 4 p.]
Main Author: Vidyaev I. G. Igor Gennadievich
Corporate Authors: Национальный исследовательский Томский политехнический университет (ТПУ) Институт социально-гуманитарных технологий (ИСГТ) Кафедра менеджмента (МЕН), Национальный исследовательский Томский политехнический университет (ТПУ) Энергетический институт (ЭНИН) Кафедра электроснабжения промышленных предприятий (ЭПП)
Other Authors: Ivashutenko A. S. Alexander Sergeevich, Samburskaya M. A Maria
Summary:Title screen
This work presents data on the share of energy costs in the cost structure for different countries. The information is provided on reducing the use of energy resources by means of introducing the intelligent control systems in the industrial enterprises. The structure and the use of such intelligent systems in the energy industry are under our consideration. It is shown that the constructing an intelligent system should be the strategic direction for the development of the distribution grid complex implying the four main areas for improvement: intellectualization of the equipment, management, communication and automation.
Language:English
Published: 2017
Subjects:
Online Access:http://dx.doi.org/10.1088/1742-6596/803/1/012174
http://earchive.tpu.ru/handle/11683/38209
Format: MixedMaterials Electronic Book Chapter
KOHA link:https://koha.lib.tpu.ru/cgi-bin/koha/opac-detail.pl?biblionumber=654465

MARC

LEADER 00000nla2a2200000 4500
001 654465
005 20231228152348.0
035 |a (RuTPU)RU\TPU\network\20060 
035 |a RU\TPU\network\20058 
090 |a 654465 
100 |a 20170427a2017 k y0engy50 ba 
101 0 |a eng 
105 |a y z 100zy 
135 |a drcn ---uucaa 
181 0 |a i  
182 0 |a b 
200 1 |a Intelligent Energy Systems As a Modern Basis For Improving Energy Efficiency  |f I. G. Vidyaev, A. S. Ivashutenko, M. A Samburskaya 
203 |a Text  |c electronic 
300 |a Title screen 
320 |a [References: 6 tit.] 
330 |a This work presents data on the share of energy costs in the cost structure for different countries. The information is provided on reducing the use of energy resources by means of introducing the intelligent control systems in the industrial enterprises. The structure and the use of such intelligent systems in the energy industry are under our consideration. It is shown that the constructing an intelligent system should be the strategic direction for the development of the distribution grid complex implying the four main areas for improvement: intellectualization of the equipment, management, communication and automation. 
461 0 |0 (RuTPU)RU\TPU\network\3526  |t Journal of Physics: Conference Series 
463 0 |0 (RuTPU)RU\TPU\network\19875  |t Vol. 803 : Information Technologies in Business and Industry (ITBI2016)  |o International Conference, 21–26 September 2016, Tomsk, Russian Federation  |o [proceedings]  |f National Research Tomsk Polytechnic University (TPU) ; eds. N. V. Martyushev ; V. S. Avramchuk ; V. A. Faerman  |v [012174, 4 p.]  |d 2017 
610 1 |a электронный ресурс 
610 1 |a труды учёных ТПУ 
610 1 |a интеллектуальные энергетические системы 
610 1 |a энергоэффективность 
610 1 |a энергозатраты 
610 1 |a интеллектуальные системы 
610 1 |a интеллектуализация 
610 1 |a связь 
610 1 |a автоматизация 
700 1 |a Vidyaev  |b I. G.  |c specialist in the field of management  |c associate Professor of Tomsk Polytechnic University, candidate of economic Sciences  |f 1981-  |g Igor Gennadievich  |3 (RuTPU)RU\TPU\pers\33449 
701 1 |a Ivashutenko  |b A. S.  |c specialist in the field of electrical engineering  |c Associate Professor of the Tomsk Polytechnic University, Candidate of technical sciences  |f 1981-  |g Alexander Sergeevich  |3 (RuTPU)RU\TPU\pers\33076  |9 16908 
701 1 |a Samburskaya  |b M. A  |g Maria 
712 0 2 |a Национальный исследовательский Томский политехнический университет (ТПУ)  |b Институт социально-гуманитарных технологий (ИСГТ)  |b Кафедра менеджмента (МЕН)  |3 (RuTPU)RU\TPU\col\18855 
712 0 2 |a Национальный исследовательский Томский политехнический университет (ТПУ)  |b Энергетический институт (ЭНИН)  |b Кафедра электроснабжения промышленных предприятий (ЭПП)  |3 (RuTPU)RU\TPU\col\18676 
801 2 |a RU  |b 63413507  |c 20170428  |g RCR 
856 4 |u http://dx.doi.org/10.1088/1742-6596/803/1/012174 
856 4 |u http://earchive.tpu.ru/handle/11683/38209 
942 |c CF